| 000 | 00725naa a2200229 i 4500 | ||
|---|---|---|---|
| 001 | 13912 | ||
| 003 | ES-MaBCM | ||
| 005 | 20241016091812.0 | ||
| 008 | 910409s1991 fra 000 0 fre d | ||
| 021 | _axx | ||
| 035 | _a(OCoLC)1365187732 | ||
| 040 | _cES-MaBCM | ||
| 041 | 0 | _afre | |
| 043 | _afra | ||
| 100 | 1 |
_aBaleynaud, Patrick _93230 |
|
| 245 | 1 | 3 |
_aLa culture _b: l'oubliée de la décentralisation? _cPatrick Baleynaud |
| 520 | _aDescentralización cultural mínima. | ||
| 650 | 7 |
_aPolítica cultural _959817 |
|
| 651 | 4 |
_aFrancia _9115364 |
|
| 773 | 0 |
_aEn: _tRevue du droit public et de la science politique en France et à l'étranger _dParis : 1991 _w104674 _gnº 1, enero-febrero ; p. 149-195 |
|
| 942 | _cAREV | ||
| 999 |
_c13912 _d13912 |
||